000 01355cam a2200133 4500500
005 20260208000023.0
041 _afre
042 _adc
100 1 0 _aBourgine, Benoît
_eauthor
245 0 0 _aBible oblige : Essai de théologie biblique
260 _bÉditions du Cerf,
_c2019.
520 _aLa Bible s’offre à toute conscience humaine, qu’on vienne à elle par curiosité ou par soif de Dieu. En ce sens, la Bible est ouverte à une infinie variété de lectures. En un autre sens, la Bible oblige. Quiconque prétend l’expliquer doit en effet la rapporter à ce dont elle parle, à savoir Dieu et la relation qu’il instaure avec les siens. Voici le grand thème de ce livre : l’étude historique et littéraire ne suffisent pas à faire entendre la vérité de la Bible. Pour bien la comprendre, il convient de prendre acte de sa nature théologique : elle est le texte d’une révélation qui suscite chaque fois une relance de sa signification. Voilà qui oblige l’exégète et le dogmaticien à croiser leurs pas dans l’espace d’échanges de la théologie biblique, qui relie la Bible à la vie de foi aujourd’hui. Voilà pourquoi, comme le montre magnifiquement cet essai, on n’aura jamais fini de lire le Livre.
856 4 1 _uhttps://shs.cairn.info/bible-oblige--9782204134385?lang=fr&redirect-ssocas=7080
999 _c1643474
_d1643474